[Event "FRA-ch op-C"]
[Site "Caen"]
[Date "2011.08.26"]
[Round "10"]
[White "Soulier, Dominique"]
[Black "Rost, Pierre"]
[Result "1-0"]
[WhiteElo "1499"]
[BlackElo "1783"]
[PlyCount "83"]
[EventDate "2011.08.16"]
[EventType "swiss"]
[EventRounds "11"]
[EventCountry "FRA"]
[SourceTitle "EXT 2012"]
[Source "ChessBase"]
[SourceDate "2011.11.24"]
[SourceVersion "1"]
[SourceVersionDate "2011.11.24"]
[SourceQuality "1"]

1. e4 c5 2. Nc3 e6 3. g3 Ne7 4. Bg2 g6 5. d3 Bg7 6. Bd2 Nbc6 7. Rb1 d5 8. f4 a6 9. Nf3 b5 10. 0-0 0-0 11. exd5 exd5 12. Re1 Re8 13. h3 Qd6 14. a3 Bd7 15. Ne2 a5 16. Kh2 d4 17. Ne5 Be6 18. Ng1 Nxe5 19. Rxe5 Rac8 20. Re1 a4 21. Nf3 Bd5 22. Nh4 Bxg2 23. Kxg2 Nd5 24. Qf3 b4 25. Kf2 bxa3 26. bxa3 Rb8 27. Rxe8+ Rxe8 28. Ng2 Nf6 29. f5 gxf5 30. Qxf5 Re5 31. Qf3 Qe6 32. Bf4 Rd5 33. Re1 Qxh3 34. Ke2 Qg4 35. Qxg4 Nxg4 36. Kd2 Be5 37. Rb1 Bxf4+ 38. Nxf4 Re5 39. Rb8+ Kg7 40. Ra8 Re3 41. Rxa4 Rxg3 42. Nh5+ 1-0